00737pam a2200241 a 45000010008000000030004000080050017000120080041000290100013000700200031000830350015001140350013001290400018001420500020001600820019001801000021001992450103002202600059003233000025003825040053004076500020004606500015004808410919OSt20190110110420.0820415s1982 miu b 001 0 eng  a82007397 a0802819346 (pbk.) :c$7.95 atcgc217022 abrn38801 aDLCcDLCdOTC0 aBV15b.M34 19820 a264219bM379W1 aMartin, Ralph P.14aThe worship of God :bsome theological, pastoral, and practical reflections /cby Ralph P. Martin. aGrand Rapids, Mich. :bW.B. Eerdmans Pub. Co.,cc1982. aix, 237 p. ;c21 cm. aIncludes bibliographical references and indexes. 0aPublic worship. 0aLiturgics.